000 00921nam a2200229 a 4500
008 080929s1997 ||||||||||||||||| || u
020 _a0821340298
050 _aIBRD(08)
100 _aMilimo, John T
245 1 0 _aListening to farmers: participatory assessment of policy reform in Zambia's agriculture sector
_cFrancis A. Paul; John T. Milimo; Chosani A. Ndhlovu; Stephem P. M. Tembo
260 _aWashington, D.C.
_bWorld Bank
_c1997
300 _axii, 36p.: ill.
350 _a0.00
490 _aWorld Bank Technical Papers
650 _aFARMERS--ZAMBIA--ATTITUDES
650 _aAGRICULTURE AND STATE--ZAMBIA
700 _aNjobvu, Chosani A
700 _aTembo, Stephen P. M
700 _aFrancis, Paul A
710 _aWorld Bank
995 _D0.00
_FCBU-MAIN LIBRARY (Kitwe)
_H1
_I0.00
_M1
_UAVAILABLE
_WSep 29, 2008
_ZInternational Publications
999 _c49353
_d49353